| 000 -LEADER |
| fixed length control field |
00890nam a22002057a 4500 |
| 001 - CONTROL NUMBER |
| control field |
21703 |
| 003 - CONTROL NUMBER IDENTIFIER |
| control field |
BD-DhUAP |
| 005 - DATE AND TIME OF LATEST TRANSACTION |
| control field |
20220728192249.0 |
| 008 - FIXED-LENGTH DATA ELEMENTS--GENERAL INFORMATION |
| fixed length control field |
220717b২০১৪২০২০bg ||||| |||| 000 0 ben d |
| 020 ## - INTERNATIONAL STANDARD BOOK NUMBER |
| International Standard Book Number |
9789848770931 |
| 040 ## - CATALOGING SOURCE |
| Original cataloging agency |
OSt |
| Language of cataloging |
Ben |
| Transcribing agency |
BD-DhUAP |
| Modifying agency |
BD-DhUAP |
| Description conventions |
BD-DhUAP |
| 082 ## - DEWEY DECIMAL CLASSIFICATION NUMBER |
| Edition number |
23 |
| Classification number |
344.5492 KHA |
| 100 ## - MAIN ENTRY--PERSONAL NAME |
| Personal name |
খান, মোঃ মোসলেম উদ্দিন । |
| 245 ## - TITLE STATEMENT |
| Title |
শিশু আইন : |
| Remainder of title |
সংশোধনী আইন ,২০১৮ [গুরুত্বপূণ রুলিংস্সহ ] / |
| Statement of responsibility, etc. |
মোঃ মোসলেম উদ্দিন খান। |
| 250 ## - EDITION STATEMENT |
| Edition statement |
২য় সং.। |
| 260 ## - PUBLICATION, DISTRIBUTION, ETC. |
| Place of publication, distribution, etc. |
ঢাকা : |
| Name of publisher, distributor, etc. |
শরফুদ্দিন ল ' বুক কোম্পানী , |
| Date of publication, distribution, etc. |
২০২০ । |
| 300 ## - PHYSICAL DESCRIPTION |
| Extent |
১৯২ পৃ. : |
| Dimensions |
২২ সেমি.। |
| 650 ## - SUBJECT ADDED ENTRY--TOPICAL TERM |
| Topical term or geographic name entry element |
শিশু আইন। |
| 942 ## - ADDED ENTRY ELEMENTS (KOHA) |
| Source of classification or shelving scheme |
|
| Koha item type |
Book |